| 000 | 00650nam a22001457a 4500 | ||
|---|---|---|---|
| 020 | _a1-40547-264-2 | ||
| 082 |
_a823 _bKID/P |
||
| 100 | _aKIDD, ROB | ||
| 245 |
_aTHE PIRATES OF THE CARRIBBEAN JACK SPARROW _bTHE SIREN SONG |
||
| 260 |
_aUNITED KINGDOM _bPARRAGON _c2006 |
||
| 300 | _a122 | ||
| 520 | _aPlot. Captain Jack Sparrow and the rest of the crew of the Barnacle are in fast pursuit of the infamous pirate Left-Foot Louis, who has made off with the magical Sword of Cortés when they hear a faint, ghostly sound begins to emanate from the sea, captivating everyone aboard the ship except Jack. | ||
| 650 |
_aNOVEL _zUNITED KINGDOM |
||
| 942 | _cBK | ||
| 999 |
_c3367 _d3367 |
||